[Event "USA ch 2008 femenino"]
[Site "Tulsa USA"]
[Date "2008.05.17"]
[Round "5.3"]
[White "Epstein, Esther"]
[Black "Airapetian, Chouchanik"]
[Result "1-0"]
[WhiteElo "2184"]
[BlackElo "2092"]
[PlyCount "121"]
[EventDate "2008.05.13"]
[EventType "tourn"]
[EventRounds "9"]
[EventCountry "USA"]
[Source "lmi"]
[SourceDate "2008.05.13"]

1. e4 e5 2. Nf3 Nc6 3. Bb5 f5 4. d3 Nf6 5. O-O Bc5 6. Bxc6 dxc6 7. exf5 O-O 8.
Nxe5 Bxf5 9. Nd2 Qd5 10. Ndf3 Ng4 11. c4 Qe6 12. Bf4 Rad8 13. Qb3 Bd4 14. Rae1
Bxe5 15. Nxe5 Nxe5 16. Rxe5 Qg6 17. Bg3 Bxd3 18. Rfe1 b6 19. h3 Qf7 20. Re6 b5
21. cxb5 cxb5 22. Qc3 Bc4 23. Re7 Qf6 24. Qxf6 Rxf6 25. b3 Bf7 26. Rxc7 Ra6 27.
Ree7 Rf8 28. Rxa7 Ra8 29. Rab7 Rf8 30. Rxb5 Rxa2 31. Rbb7 Ra6 32. b4 Rg6 33. b5
Bd5 34. Rbd7 Be6 35. Rd6 Bc4 36. b6 Rg5 37. b7 Bd5 38. Rxd5 Rxd5 39. b8=Q Rxb8
40. Bxb8 Kf8 41. Rb7 Kg8 42. f4 g5 43. g3 Rd1+ 44. Kg2 Rd2+ 45. Kf3 Rh2 46. Kg4
gxf4 47. gxf4 Rg2+ 48. Kh5 Rg3 49. h4 Rg1 50. Be5 Rg2 51. Rb8+ Kf7 52. Rh8 Rg1
53. Rxh7+ Kf8 54. f5 Rg2 55. Bd6+ Kg8 56. Rd7 Rf2 57. Kg6 Rg2+ 58. Kf6 Rg4 59.
h5 Rh4 60. Kg5 Rh1 61. f6 1-0

[Event "USA ch 2008 femenino"]
[Site "Tulsa USA"]
[Date "2008.05.17"]
[Round "5.4"]
[White "Tuvshintugs, Batchimeg"]
[Black "Zenyuk, Iryna"]
[Result "1/2-1/2"]
[WhiteElo "2278"]
[BlackElo "2233"]
[PlyCount "173"]
[EventDate "2008.05.13"]
[EventType "tourn"]
[EventRounds "9"]
[EventCountry "USA"]
[Source "lmi"]
[SourceDate "2008.05.13"]

1. d4 Nf6 2. c4 g6 3. Nc3 Bg7 4. e4 d6 5. Nf3 O-O 6. Be2 e5 7. d5 a5 8. h3 Na6
9. Bg5 h6 10. Be3 Nd7 11. g4 Ndc5 12. Rg1 c6 13. h4 Bd7 14. Nd2 a4 15. h5 g5
16. f3 Qb6 17. Qb1 Nb4 18. Kf2 a3 19. b3 Qa5 20. Rd1 Rfc8 21. Nf1 Bf8 22. Ng3
Rab8 23. Qc1 f6 24. Qd2 Kg7 25. Kg2 Nca6 26. dxc6 bxc6 27. Rac1 Nc5 28. Qe1 Rd8
29. Qf2 Nba6 30. Bd2 Qb6 31. Be3 Qa5 32. Rd2 Be6 33. Qe1 Qb4 34. Rdc2 Rb7 35.
Bd2 Qb6 36. Nb1 Nb4 37. Bxb4 Qxb4 38. Qxb4 Rxb4 39. Nxa3 Ra8 40. Nb1 Rb7 41.
Nc3 Na6 42. Rd2 Nb4 43. Rcd1 Ra3 44. Rb2 Kf7 45. Nf1 Rba7 46. Rdd2 R3a5 47. Ne3
Be7 48. Kf2 Rd7 49. Na4 Bd8 50. c5 d5 51. a3 Na6 52. exd5 cxd5 53. c6 Rc7 54.
Nxd5 Rxc6 55. Bxa6 Rcxa6 56. Nb4 Bb6+ 57. Kg2 Rxa4 58. bxa4 Rxa4 59. Nc6 Bd4
60. Rb7+ Kf8 61. Rb8+ Kf7 62. Nxd4 exd4 63. Rb7+ Kf8 64. Rb4 Rxa3 65. Rdxd4
Ra2+ 66. Kg3 Ra7 67. Rb6 Kf7 68. Rdd6 Re7 69. Rdc6 Re8 70. Rc7+ Re7 71. Rbb7
Rxc7 72. Rxc7+ Kg8 73. Re7 Bf7 74. Kf2 f5 75. gxf5 Kg7 76. Ke3 Kf6 77. Rxf7+
Kxf7 78. Kd4 Kf6 79. Ke4 Kf7 80. Ke5 Ke7 81. f6+ Kf8 82. Ke6 Ke8 83. Ke5 Kf8
84. Ke4 Ke8 85. Kd5 Kf7 86. Ke5 Kf8 87. Ke6 1/2-1/2

[Event "USA ch 2008 femenino"]
[Site "Tulsa USA"]
[Date "2008.05.18"]
[Round "6.1"]
[White "Jamison, Courtney"]
[Black "Battsetseg, Tsagaan"]
[Result "0-1"]
[WhiteElo "1979"]
[BlackElo "2254"]
[PlyCount "120"]
[EventDate "2008.05.13"]
[EventType "tourn"]
[EventRounds "9"]
[EventCountry "USA"]
[Source "lmi"]
[SourceDate "2008.05.13"]

1. d4 Nf6 2. c4 g6 3. Nc3 Bg7 4. e4 d6 5. Nf3 O-O 6. Be2 e5 7. Be3 Ng4 8. Bg5
f6 9. Bh4 Qe8 10. d5 a5 11. Nd2 Nh6 12. f3 Kh8 13. Bf2 b6 14. a3 f5 15. b4 Nd7
16. h3 Nf7 17. Nb3 Nf6 18. c5 a4 19. Nd2 bxc5 20. bxc5 dxc5 21. Bxc5 Nd6 22.
Rb1 Nh5 23. O-O Bh6 24. Nb5 Qd8 25. Nc4 Bf4 26. Nbxd6 cxd6 27. Bf2 Ng3 28. Bxg3
Bxg3 29. Nb6 Ra7 30. Nxc8 Qxc8 31. Rb4 Bf4 32. Kh1 Qd8 33. Rxa4 Raf7 34. Qe1
Qg5 35. Rc4 Rb7 36. Bd3 Rb2 37. Rc2 Rb3 38. Bc4 Rxa3 39. Qf2 Rb8 40. Be2 Be3
41. Qe1 Bf4 42. Qf2 Bg3 43. Qg1 Qd8 44. Ra1 Bf2 45. Qf1 Rxa1 46. Qxa1 Bd4 47.
Qc1 Ra8 48. Kh2 f4 49. Qe1 Qg5 50. Kh1 h5 51. Rc1 Qg3 52. Qxg3 fxg3 53. Bb5 Kg7
54. Bd7 Kf6 55. Rf1 Kg5 56. Rb1 Kf4 57. Rd1 Ra7 58. Bc6 g5 59. Be8 g4 60. Bxh5
gxh3 0-1

[Event "USA ch 2008 femenino"]
[Site "Tulsa USA"]
[Date "2008.05.18"]
[Round "6.3"]
[White "Airapetian, Chouchanik"]
[Black "Tuvshintugs, Batchimeg"]
[Result "0-1"]
[WhiteElo "2092"]
[BlackElo "2278"]
[PlyCount "92"]
[EventDate "2008.05.13"]
[EventType "tourn"]
[EventRounds "9"]
[EventCountry "USA"]
[Source "lmi"]
[SourceDate "2008.05.13"]

1. e4 e5 2. Nf3 Nc6 3. Bb5 a6 4. Ba4 Nf6 5. O-O Be7 6. Re1 b5 7. Bb3 d6 8. c3
O-O 9. h3 Na5 10. Bc2 Bb7 11. d4 Nc4 12. a4 exd4 13. cxd4 Re8 14. b3 Nb6 15.
Nbd2 Nfd7 16. Bb2 Bf6 17. a5 Nc8 18. e5 Be7 19. Ne4 Nf8 20. Qd3 dxe5 21. Nxe5
Nd6 22. Ng3 Bd5 23. Nh5 Bg5 24. Qg3 Ng6 25. Qg4 Be6 26. Qe2 Bf5 27. Bxf5 Nxf5
28. Qf3 Ngh4 29. Qg4 g6 30. Nf4 Nh6 31. Qg3 N4f5 32. Qf3 Nxd4 33. Bxd4 Qxd4 34.
Nfd3 Bd2 35. Red1 Rad8 36. Nc6 Qxd3 37. Nxd8 Qxf3 38. gxf3 Rxd8 39. Ra2 Bg5 40.
Rxd8+ Bxd8 41. Rc2 c5 42. Rxc5 Bxa5 43. Rc6 Nf5 44. Rxa6 Bc3 45. Ra8+ Kg7 46.
b4 Bxb4 0-1

[Event "USA ch 2008 femenino"]
[Site "Tulsa USA"]
[Date "2008.05.18"]
[Round "6.4"]
[White "Zatonskih, Anna"]
[Black "Epstein, Esther"]
[Result "1-0"]
[WhiteElo "2458"]
[BlackElo "2184"]
[PlyCount "135"]
[EventDate "2008.05.13"]
[EventType "tourn"]
[EventRounds "9"]
[EventCountry "USA"]
[Source "lmi"]
[SourceDate "2008.05.13"]

1. e4 c5 2. c3 Nf6 3. e5 Nd5 4. Nf3 e6 5. Bc4 Nb6 6. Bb3 d6 7. O-O dxe5 8. Nxe5
N8d7 9. Nf3 Nf6 10. d4 cxd4 11. cxd4 Be7 12. Nc3 O-O 13. Bg5 Nbd5 14. Qd3 h6
15. Nxd5 exd5 16. Bh4 Be6 17. Ne5 Ne4 18. Bxe7 Qxe7 19. f3 Nd6 20. Rfe1 Qf6 21.
Rac1 Rfd8 22. Rc5 Rac8 23. Rc3 Qg5 24. Qe2 Nf5 25. Qf2 Qh4 26. Qxh4 Nxh4 27.
Rec1 Rxc3 28. bxc3 Nf5 29. Kf2 Rc8 30. Nd3 b6 31. Ke2 Kf8 32. Kd2 Ke7 33. Nf4
Kd6 34. Re1 g5 35. Nd3 f6 36. f4 Bd7 37. Nb4 Ne7 38. Rf1 Rf8 39. Rf2 Bb5 40.
Nc2 Ng6 41. fxg5 hxg5 42. Ne3 Ne7 43. Ng4 Ng8 44. Rf5 Bc4 45. Bxc4 dxc4 46. a4
Ke6 47. Rb5 Ne7 48. Ne3 Rh8 49. h3 Nc8 50. Nxc4 Nd6 51. Nxd6 Kxd6 52. a5 Kc6
53. Rf5 Rh6 54. Kd3 bxa5 55. Rxa5 Kb6 56. Rf5 Rg6 57. Kc4 Kc6 58. Kb4 Kd6 59.
Ra5 g4 60. Rxa7 gxh3 61. gxh3 Rh6 62. c4 Rxh3 63. c5+ Ke6 64. Kc4 f5 65. d5+
Ke5 66. Re7+ Kf6 67. d6 f4 68. Re8 1-0

[Event "USA ch 2008 femenino"]
[Site "Tulsa USA"]
[Date "2008.05.18"]
[Round "6.5"]
[White "Rohonyan, Katerina"]
[Black "Abrahamyan, Tatev"]
[Result "0-1"]
[WhiteElo "2309"]
[BlackElo "2239"]
[PlyCount "70"]
[EventDate "2008.05.13"]
[EventType "tourn"]
[EventRounds "9"]
[EventCountry "USA"]
[Source "lmi"]
[SourceDate "2008.05.13"]

1. c4 Nf6 2. Nc3 e5 3. Nf3 Nc6 4. g3 g6 5. Bg2 Bg7 6. O-O d6 7. Rb1 a5 8. a3
Be6 9. d3 h6 10. b4 axb4 11. axb4 O-O 12. b5 Ne7 13. Bb2 Nd7 14. Ra1 c6 15.
Rxa8 Qxa8 16. Qc2 d5 17. Nd2 Rc8 18. Ra1 Qb8 19. Qb3 dxc4 20. Nxc4 cxb5 21.
Qxb5 Rc5 22. Qb3 Nc6 23. Nb5 Nb6 24. Ba3 Rxc4 25. dxc4 Nxc4 26. Bc5 e4 27. Rc1
Qe5 28. Ba7 Nd6 29. Qe3 Qxb5 30. Bc5 Nc4 31. Rxc4 Qxc4 32. Bxe4 Nd4 33. Bxd4
Bxd4 34. Qf4 Qxe2 35. Bxb7 Bh3 0-1

[Event "USA ch 2008 femenino"]
[Site "Tulsa USA"]
[Date "2008.05.19"]
[Round "7.1"]
[White "Abrahamyan, Tatev"]
[Black "Jamison, Courtney"]
[Result "1-0"]
[WhiteElo "2239"]
[BlackElo "1979"]
[PlyCount "69"]
[EventDate "2008.05.13"]
[EventType "tourn"]
[EventRounds "9"]
[EventCountry "USA"]
[Source "lmi"]
[SourceDate "2008.05.13"]

1. e4 c5 2. Nf3 Nc6 3. d4 cxd4 4. Nxd4 Nf6 5. Nc3 e6 6. Ndb5 Bb4 7. a3 Bxc3+ 8.
Nxc3 d5 9. exd5 exd5 10. Bd3 O-O 11. O-O Be6 12. Bg5 h6 13. Bh4 Ne5 14. Re1
Ned7 15. Nb5 Qb6 16. a4 a6 17. a5 Qc5 18. Nd4 Bg4 19. Qd2 Rfe8 20. b4 Qc7 21.
f3 Bh5 22. Nf5 Rad8 23. Bg3 Ne5 24. Re2 Re6 25. Rae1 Rde8 26. Nxh6+ gxh6 27.
Qxh6 Qc3 28. Qg5+ Ng6 29. Rxe6 Rxe6 30. Rxe6 fxe6 31. Bxg6 Bxg6 32. Qxg6+ Kh8
33. h4 Qd4+ 34. Kh2 Qc3 35. h5 1-0

[Event "USA ch 2008 femenino"]
[Site "Tulsa USA"]
[Date "2008.05.19"]
[Round "7.2"]
[White "Epstein, Esther"]
[Black "Rohonyan, Katerina"]
[Result "0-1"]
[WhiteElo "2184"]
[BlackElo "2309"]
[PlyCount "72"]
[EventDate "2008.05.13"]
[EventType "tourn"]
[EventRounds "9"]
[EventCountry "USA"]
[Source "lmi"]
[SourceDate "2008.05.13"]

1. e4 c5 2. Nf3 d6 3. Bb5+ Nd7 4. c3 a6 5. Ba4 Ngf6 6. Bc2 e5 7. O-O Be7 8. d4
O-O 9. a4 Re8 10. Re1 Bf8 11. Nbd2 cxd4 12. cxd4 b6 13. Nf1 exd4 14. Nxd4 Bb7
15. Ng3 d5 16. exd5 Rxe1+ 17. Qxe1 Nc5 18. Qe5 Qxd5 19. Qxd5 Nxd5 20. Bd2 a5
21. b3 g6 22. Re1 Bg7 23. Nb5 Nb4 24. Bxb4 axb4 25. Ne4 Bxe4 26. Bxe4 Rd8 27.
f3 f5 28. Bc6 Nxb3 29. Rb1 Na5 30. Na7 b3 31. Bb5 b2 32. Nc6 Nxc6 33. Bxc6 Kf8
34. Kf2 Rd2+ 35. Kg3 Ke7 36. Bb5 Kd6 0-1

[Event "USA ch 2008 femenino"]
[Site "Tulsa USA"]
[Date "2008.05.19"]
[Round "7.3"]
[White "Tuvshintugs, Batchimeg"]
[Black "Zatonskih, Anna"]
[Result "1-0"]
[WhiteElo "2278"]
[BlackElo "2458"]
[PlyCount "152"]
[EventDate "2008.05.13"]
[EventType "tourn"]
[EventRounds "9"]
[EventCountry "USA"]
[Source "lmi"]
[SourceDate "2008.05.13"]

1. e4 c6 2. d4 d5 3. Nc3 dxe4 4. Nxe4 Bf5 5. Ng3 Bg6 6. h4 h6 7. Nf3 Nd7 8. h5
Bh7 9. Bd3 Bxd3 10. Qxd3 e6 11. Bf4 Qa5+ 12. Bd2 Bb4 13. c3 Be7 14. c4 Qc7 15.
O-O Ngf6 16. Rfe1 O-O 17. Nf5 exf5 18. Rxe7 Qd8 19. Ree1 Ne4 20. Bf4 Ndf6 21.
Nh4 Nxh5 22. Nxf5 Nxf4 23. Qxe4 Qg5 24. g3 Ne6 25. Nd6 Qf6 26. Qe5 Qxe5 27.
dxe5 b6 28. Rad1 Rfd8 29. Nb7 Rxd1 30. Rxd1 Kf8 31. f4 Rb8 32. Nd6 Rd8 33. Kf2
g6 34. Rh1 h5 35. f5 Nd4 36. fxg6 fxg6 37. Ke3 c5 38. Rf1+ Kg8 39. Rf6 Rf8 40.
Rxg6+ Kh7 41. Rf6 Rxf6 42. exf6 Kg6 43. f7 Ne6 44. Ke4 Kf6 45. Kd5 Ke7 46. Ke5
Nf8 47. Nc8+ Kxf7 48. Kf5 Ng6 49. Nxa7 h4 50. gxh4 Nxh4+ 51. Ke5 Ke7 52. Nc8+
Kd7 53. Nxb6+ Kc6 54. Nd5 Nf3+ 55. Ke4 Nd2+ 56. Kd3 Nf3 57. a3 Ne5+ 58. Kc3 Nf7
59. Nf6 Nd6 60. Kd3 Nf7 61. Ne4 Nd8 62. b4 cxb4 63. axb4 Ne6 64. Kc3 Nc7 65.
Kb3 Kb6 66. Ka4 Ne6 67. b5 Kb7 68. c5 Nd4 69. Nf6 Ne6 70. Kb4 Nd4 71. Nd5 Nc2+
72. Kc3 Na3 73. c6+ Ka7 74. b6+ Ka6 75. Kb4 Nb5 76. Kc5 Nd6 1-0

[Event "USA ch 2008 femenino"]
[Site "Tulsa USA"]
[Date "2008.05.19"]
[Round "7.5"]
[White "Battsetseg, Tsagaan"]
[Black "Zenyuk, Iryna"]
[Result "1/2-1/2"]
[WhiteElo "2254"]
[BlackElo "2233"]
[PlyCount "163"]
[EventDate "2008.05.13"]
[EventType "tourn"]
[EventRounds "9"]
[EventCountry "USA"]
[Source "lmi"]
[SourceDate "2008.05.13"]

1. e4 c5 2. Nf3 e6 3. d4 cxd4 4. Nxd4 Nc6 5. Nxc6 bxc6 6. Bd3 Nf6 7. Qe2 d5 8.
Nd2 Be7 9. O-O O-O 10. Kh1 a5 11. f4 Nd7 12. Rf3 Nc5 13. Rh3 g6 14. e5 Nxd3 15.
cxd3 f5 16. Nf3 d4 17. Bd2 c5 18. Rc1 a4 19. Be1 Bb7 20. Qc2 Bxf3 21. Rxf3 Qd5
22. Qc4 Rfb8 23. Rc2 Qxc4 24. dxc4 Bd8 25. Kg1 Kf7 26. Kf1 g5 27. fxg5 Bxg5 28.
g4 Rf8 29. Rg2 Be3 30. Bf2 Bxf2 31. Rgxf2 Kg6 32. Ke2 h5 33. gxh5+ Kh6 34. Rg2
Rg8 35. Rxg8 Rxg8 36. Ra3 Rg2+ 37. Kd3 Rxb2 38. Rxa4 Rxh2 39. Ra6 Kxh5 40. Rxe6
Rh3+ 41. Kd2 Rh2+ 42. Kd3 Rxa2 43. Rc6 Ra3+ 44. Kd2 Kg4 45. Rxc5 Kf4 46. Rd5
Ke4 47. e6 Ra2+ 48. Ke1 Ra6 49. e7 Re6 50. Rd7 Kd3+ 51. Kf2 Kxc4 52. Kf3 Re4
53. Ra7 Kc3 54. Ra3+ Kb4 55. Ra7 d3 56. Rd7 Kc3 57. Rc7+ Kd2 58. Rd7 Kc2 59.
Rc7+ Kd1 60. Kf2 Re2+ 61. Kf1 Kd2 62. Ra7 Re4 63. Kf2 Kc2 64. Rc7+ Kd1 65. Rd7
Kd2 66. Ra7 Rf4+ 67. Kg3 Rg4+ 68. Kf2 Re4 69. Rd7 Re6 70. Rc7 Kd1 71. Rd7 Kc2
72. Rc7+ Kb3 73. Rd7 Kc3 74. Rc7+ Kd4 75. Rd7+ Ke4 76. Ra7 f4 77. Ra4+ Kf5 78.
Rd4 Re2+ 79. Kf3 Re3+ 80. Kf2 Rxe7 81. Rxd3 Ra7 82. Kf3 1/2-1/2

[Event "USA ch 2008 femenino"]
[Site "Tulsa USA"]
[Date "2008.05.20"]
[Round "8.1"]
[White "Jamison, Courtney"]
[Black "Zenyuk, Iryna"]
[Result "0-1"]
[WhiteElo "1979"]
[BlackElo "2233"]
[PlyCount "78"]
[EventDate "2008.05.13"]
[EventType "tourn"]
[EventRounds "9"]
[EventCountry "USA"]
[Source "lmi"]
[SourceDate "2008.05.13"]

1. d4 Nf6 2. c4 g6 3. Nc3 Bg7 4. e4 d6 5. Nf3 O-O 6. Be2 e5 7. Be3 Ng4 8. Bg5
f6 9. Bh4 g5 10. Bg3 Nh6 11. d5 Nd7 12. Nd2 f5 13. f3 Nf6 14. b4 Nh5 15. c5
Nxg3 16. hxg3 g4 17. Qb3 Nf7 18. exf5 gxf3 19. gxf3 e4 20. Ndxe4 Bxf5 21. O-O-O
a5 22. a3 axb4 23. Qxb4 dxc5 24. Qxc5 Nd6 25. Bd3 b6 26. Qb4 Ra5 27. Nb5 Bxe4
28. fxe4 Qg5+ 29. Rd2 Qe5 30. Rdh2 h6 31. Qb3 Rf3 32. Nxd6 cxd6 33. Kd2 Qg5+
34. Kd1 Rc5 35. Rd2 Qg4 36. Re2 Rc3 37. Qxc3 Bxc3 38. Kc2 Qxg3 39. Bb5 Bg7 0-1

[Event "USA ch 2008 femenino"]
[Site "Tulsa USA"]
[Date "2008.05.20"]
[Round "8.2"]
[White "Airapetian, Chouchanik"]
[Black "Battsetseg, Tsagaan"]
[Result "0-1"]
[WhiteElo "2092"]
[BlackElo "2254"]
[PlyCount "96"]
[EventDate "2008.05.13"]
[EventType "tourn"]
[EventRounds "9"]
[EventCountry "USA"]
[Source "lmi"]
[SourceDate "2008.05.13"]

1. e4 c5 2. Nf3 g6 3. c4 Nc6 4. d4 cxd4 5. Nxd4 Bg7 6. Nc2 Nf6 7. Nc3 d6 8. Be2
O-O 9. O-O Be6 10. Ne3 Rc8 11. Bd2 Nd4 12. Rc1 a6 13. f3 Nd7 14. b3 Ne5 15.
Ned5 f5 16. Bg5 Nec6 17. Bd3 fxe4 18. Bxe4 Kh8 19. Qd2 Rf7 20. Rfe1 Bf5 21. Kh1
Qf8 22. Re3 e6 23. Nf4 e5 24. Nfe2 Ne6 25. Rd3 Nxg5 26. Qxg5 Bh6 27. Qg3 Bxc1
28. Nxc1 Nd4 29. Qe1 b5 30. cxb5 axb5 31. a3 Rfc7 32. h3 Qh6 33. N3e2 Bxe4 34.
fxe4 Rxc1 35. Nxc1 Rxc1 36. Rd1 Rxd1 37. Qxd1 Qe3 38. a4 Qxb3 39. Qf1 Kg7 40.
axb5 Qxb5 41. Qc1 Qb7 42. Qc4 Qc6 43. Qd3 Ne6 44. Qe3 Nc5 45. Qg5 Qb7 46. h4
Nxe4 47. Qd8 Nf2+ 48. Kh2 Ng4+ 0-1

[Event "USA ch 2008 femenino"]
[Site "Tulsa USA"]
[Date "2008.05.20"]
[Round "8.3"]
[White "Zatonskih, Anna"]
[Black "Krush, Irina"]
[Result "1/2-1/2"]
[WhiteElo "2458"]
[BlackElo "2479"]
[PlyCount "125"]
[EventDate "2008.05.13"]
[EventType "tourn"]
[EventRounds "9"]
[EventCountry "USA"]
[Source "lmi"]
[SourceDate "2008.05.13"]

1. d4 Nf6 2. c4 g6 3. Nf3 Bg7 4. g3 O-O 5. Bg2 d6 6. O-O c6 7. Nc3 Qa5 8. e4 e5
9. h3 Nbd7 10. Re1 Re8 11. a3 Qc7 12. Be3 exd4 13. Nxd4 Nc5 14. Qc2 a5 15. b3
h5 16. Rad1 Nfd7 17. Rd2 Ne5 18. Red1 a4 19. b4 Nxc4 20. bxc5 Nxe3 21. fxe3
dxc5 22. Nde2 b5 23. e5 Bf5 24. Qc1 Bxe5 25. Ne4 c4 26. Nd6 Bxd6 27. Rxd6 Be4
28. Qd2 Bxg2 29. Kxg2 Qe7 30. Kf2 h4 31. Qd4 c5 32. Qxc5 Rac8 33. Qd4 c3 34.
Nxc3 hxg3+ 35. Kg2 Qxe3 36. Qxe3 Rxe3 37. Nxb5 Rb3 38. Rd8+ Rxd8 39. Rxd8+ Kg7
40. Nd4 Rxa3 41. Nf3 Ra1 42. Kxg3 a3 43. Ra8 a2 44. Kf2 g5 45. Ne1 Kg6 46. Nc2
Rh1 47. Kg2 Rd1 48. Rxa2 Rd2+ 49. Kf3 Kh5 50. Ke3 Rh2 51. Kd3 f5 52. Ra8 Rxh3+
53. Ne3 g4 54. Rf8 Rf3 55. Ke2 Kg5 56. Rf7 Kg6 57. Ra7 Kg5 58. Ra5 Rf4 59. Ra8
Rf3 60. Rf8 Kg6 61. Rb8 Kg5 62. Rb5 Rf4 63. Rb8 1/2-1/2

[Event "USA ch 2008 femenino"]
[Site "Tulsa USA"]
[Date "2008.05.20"]
[Round "8.4"]
[White "Rohonyan, Katerina"]
[Black "Tuvshintugs, Batchimeg"]
[Result "1-0"]
[WhiteElo "2309"]
[BlackElo "2278"]
[PlyCount "71"]
[EventDate "2008.05.13"]
[EventType "tourn"]
[EventRounds "9"]
[EventCountry "USA"]
[Source "lmi"]
[SourceDate "2008.05.13"]

1. d4 Nf6 2. Bg5 e6 3. e4 h6 4. Bxf6 Qxf6 5. Nc3 d6 6. Nf3 a6 7. a4 b6 8. Bd3
Bb7 9. Qe2 Nd7 10. Nd1 g6 11. c3 Bg7 12. O-O O-O 13. Ne3 Qe7 14. Rfe1 Nf6 15.
Nc4 d5 16. exd5 Nxd5 17. Be4 c5 18. Bxd5 Bxd5 19. Nxb6 Bxf3 20. Qxf3 Rad8 21.
d5 Qg5 22. Rad1 Rd6 23. a5 Qh4 24. dxe6 fxe6 25. Qe2 Rc6 26. g3 Qg5 27. Qe4 Rc7
28. Qe3 Qh5 29. Rd7 Rxd7 30. Nxd7 Rf7 31. Nxc5 Bf8 32. Nxe6 Re7 33. Qd3 Qg4 34.
Qd5 Kh8 35. Qd8 Qf5 36. Re5 1-0

[Event "USA ch 2008 femenino"]
[Site "Tulsa USA"]
[Date "2008.05.20"]
[Round "8.5"]
[White "Abrahamyan, Tatev"]
[Black "Epstein, Esther"]
[Result "1-0"]
[WhiteElo "2239"]
[BlackElo "2184"]
[PlyCount "123"]
[EventDate "2008.05.13"]
[EventType "tourn"]
[EventRounds "9"]
[EventCountry "USA"]
[Source "lmi"]
[SourceDate "2008.05.13"]

1. e4 c5 2. Nf3 e6 3. d4 cxd4 4. Nxd4 a6 5. Nc3 Qc7 6. Qf3 Nf6 7. Bf4 e5 8. Bg3
d6 9. Nf5 Be6 10. Bh4 Nbd7 11. g4 h6 12. g5 hxg5 13. Bxg5 O-O-O 14. O-O-O Kb8
15. Kb1 Rc8 16. Ne3 Be7 17. h4 Nb6 18. Bh3 Rhd8 19. h5 Ng8 20. Bxe7 Qxe7 21.
Ncd5 Nxd5 22. Nxd5 Qg5 23. Rhg1 Qh4 24. Bf5 Bxd5 25. Rxd5 Rc7 26. Rxg7 Nf6 27.
Rd1 Qxh5 28. Qd3 Qh2 29. f3 Qf2 30. a3 Qc5 31. Rh1 Rg8 32. Rxg8+ Nxg8 33. Rh8
Qg1+ 34. Ka2 Ka7 35. Qxd6 Rxc2 36. Qxe5 Rc1 37. Rh2 Ra1+ 38. Kb3 Qe3+ 39. Qc3
Qb6+ 40. Kc2 Qg1 41. Qd2 Qc5+ 42. Kd3 Rf1 43. Ke2 Qb5+ 44. Ke3 Qb6+ 45. Kf4
Qc7+ 46. e5 Ne7 47. Qd4+ b6 48. Rc2 Qb7 49. Be4 Ng6+ 50. Kg4 Qe7 51. Bxg6 fxg6
52. Rd2 Qe6+ 53. Kg3 Re1 54. f4 Qb3+ 55. Rd3 Qb5 56. Qd7+ Qxd7 57. Rxd7+ Kb8
58. Kg4 Rg1+ 59. Kf3 Rb1 60. e6 Kc8 61. Rg7 Rxb2 62. Rg8+ 1-0

[Event "USA ch 2008 femenino"]
[Site "Tulsa USA"]
[Date "2008.05.21"]
[Round "9.1"]
[White "Epstein, Esther"]
[Black "Jamison, Courtney"]
[Result "1/2-1/2"]
[WhiteElo "2184"]
[BlackElo "1979"]
[PlyCount "61"]
[EventDate "2008.05.13"]
[EventType "tourn"]
[EventRounds "9"]
[EventCountry "USA"]
[Source "lmi"]
[SourceDate "2008.05.13"]

1. e4 c5 2. Nf3 e6 3. b3 d6 4. d4 cxd4 5. Nxd4 Nc6 6. Bb2 Nf6 7. Bd3 Be7 8.
Nxc6 bxc6 9. e5 dxe5 10. Qe2 Qa5+ 11. c3 O-O 12. Nd2 Qc7 13. O-O Bb7 14. c4
Rfd8 15. Bc2 Bd6 16. Rae1 Bb4 17. Rd1 Qa5 18. Ne4 Be7 19. Bc3 Qc7 20. Ng5 g6
21. Bxe5 Qa5 22. f4 Nd7 23. Nf3 Nxe5 24. fxe5 Qxa2 25. Ra1 Qb2 26. Rfc1 c5 27.
Ne1 Qd4+ 28. Kh1 Qh4 29. Nf3 Qg4 30. Rf1 a6 31. Rxa6 1/2-1/2

[Event "USA ch 2008 femenino"]
[Site "Tulsa USA"]
[Date "2008.05.21"]
[Round "9.2"]
[White "Tuvshintugs, Batchimeg"]
[Black "Abrahamyan, Tatev"]
[Result "1-0"]
[WhiteElo "2278"]
[BlackElo "2239"]
[PlyCount "87"]
[EventDate "2008.05.13"]
[EventType "tourn"]
[EventRounds "9"]
[EventCountry "USA"]
[Source "lmi"]
[SourceDate "2008.05.13"]

1. Nf3 Nf6 2. c4 g6 3. Nc3 Bg7 4. e4 d6 5. d4 O-O 6. h3 e5 7. d5 a5 8. Bg5 h6
9. Be3 Na6 10. Be2 Nc5 11. Nd2 Nh7 12. Nb3 Nxb3 13. axb3 f5 14. b4 f4 15. Bc1
Bf6 16. Rxa5 Rxa5 17. bxa5 Bh4 18. Bg4 Ng5 19. Bxc8 Qxc8 20. Qg4 Qd8 21. Ke2
Nh7 22. Qxg6+ Kh8 23. Qxh6 Rg8 24. g3 fxg3 25. fxg3 Rxg3 26. Be3 Rg2+ 27. Kd3
Rg3 28. Kc2 Bf6 29. Rg1 Bg7 30. Qh5 Rxe3 31. Nd1 Rxe4 32. Qg6 Rxc4+ 33. Kb3 Qd7
34. Kxc4 Qa4+ 35. b4 Qd7 36. Qxg7+ Qxg7 37. Rxg7 Kxg7 38. b5 Nf6 39. a6 Nd7 40.
axb7 Kf6 41. b6 cxb6 42. Kb5 Ke7 43. Nc3 Kd8 44. Kc6 1-0

[Event "USA ch 2008 femenino"]
[Site "Tulsa USA"]
[Date "2008.05.21"]
[Round "9.3"]
[White "Krush, Irina"]
[Black "Rohonyan, Katerina"]
[Result "1/2-1/2"]
[WhiteElo "2479"]
[BlackElo "2309"]
[PlyCount "215"]
[EventDate "2008.05.13"]
[EventType "tourn"]
[EventRounds "9"]
[EventCountry "USA"]
[Source "lmi"]
[SourceDate "2008.05.13"]

1. d4 Nf6 2. c4 c5 3. d5 b5 4. cxb5 a6 5. bxa6 g6 6. Nc3 Bxa6 7. g3 d6 8. Bg2
Bg7 9. Nf3 Nbd7 10. Rb1 O-O 11. O-O Qa5 12. Bd2 Bb7 13. Qc2 Qa6 14. e4 Ng4 15.
Bg5 h6 16. Bc1 Qa5 17. Rd1 Ba6 18. Bd2 Nge5 19. Nxe5 Nxe5 20. Be1 Rfb8 21. b3
Qa3 22. h3 c4 23. Ne2 cxb3 24. axb3 Bxe2 25. Qxe2 Rxb3 26. f4 Rxb1 27. Rxb1 Nd3
28. Bd2 Bd4+ 29. Kh2 Nc5 30. e5 Qa2 31. Re1 Qc2 32. Be3 Qc3 33. Bxd4 Qxd4 34.
Qe3 Qxe3 35. Rxe3 Kf8 36. g4 Ra4 37. Kg3 g5 38. fxg5 hxg5 39. h4 gxh4+ 40. Kxh4
Nd7 41. exd6 exd6 42. Re4 Ra2 43. Kg3 Ne5 44. Rb4 Ke7 45. g5 Rd2 46. Rb7+ Kd8
47. Rb4 Kc7 48. Be4 Rd1 49. Bg2 Rg1 50. Kh2 Ra1 51. Kg3 Ra8 52. Be4 Rh8 53. Rb2
Rh5 54. Kf4 Rh4+ 55. Kf5 Ng6 56. Rf2 Ne7+ 57. Kf6 Rxe4 58. Kxf7 Nxd5 59. g6 Kd7
60. g7 Ne7 61. Kf8 Ra4 62. Kf7 Rg4 63. Kf8 Kd8 64. Kf7 Kd7 65. Kf8 Ra4 66. Kf7
d5 67. Rf1 Ra3 68. Rf4 Ra2 69. Rf1 Ra3 70. Rf4 Rg3 71. Rf1 Rg2 72. Rf4 Rg5 73.
Kf6 Rg1 74. Kf7 Ra1 75. Rf2 Ra8 76. Rf4 Rd8 77. Rf2 Rc8 78. Rf4 Rc5 79. Kf6 Rc4
80. Rf1 Ke8 81. Ke5 Rg4 82. Rf8+ Kd7 83. g8=Q Nxg8 84. Kxd5 Ne7+ 85. Kc5 Rg5+
86. Kc4 Kd6 87. Rf6+ Ke5 88. Rf1 Nf5 89. Re1+ Kf4 90. Kd3 Ng3 91. Re8 Rd5+ 92.
Kc4 Rd7 93. Rf8+ Nf5 94. Kc3 Ke4 95. Re8+ Ne7 96. Ra8 Rc7+ 97. Kd2 Nc6 98. Ra3
Rd7+ 99. Ke2 Nd4+ 100. Kf2 Rb7 101. Re3+ Kf4 102. Re8 Rb2+ 103. Ke1 Kf3 104.
Kd1 Ne2 105. Rf8+ Ke3 106. Re8+ Kd3 107. Ke1 Nd4 108. Kf1 1/2-1/2

[Event "USA ch 2008 femenino"]
[Site "Tulsa USA"]
[Date "2008.05.21"]
[Round "9.4"]
[White "Battsetseg, Tsagaan"]
[Black "Zatonskih, Anna"]
[Result "0-1"]
[WhiteElo "2254"]
[BlackElo "2458"]
[PlyCount "72"]
[EventDate "2008.05.13"]
[EventType "tourn"]
[EventRounds "9"]
[EventCountry "USA"]
[Source "lmi"]
[SourceDate "2008.05.13"]

1. e4 e6 2. d4 d5 3. Nd2 Nf6 4. e5 Nfd7 5. Bd3 c5 6. c3 b6 7. Ndf3 Ba6 8. Ne2
Bxd3 9. Qxd3 Nc6 10. O-O Be7 11. Bf4 c4 12. Qd2 h6 13. Ng3 Qc7 14. Rfb1 Na5 15.
Nh5 Rg8 16. Qc1 O-O-O 17. b3 Kb7 18. Nd2 Rc8 19. a4 Ka8 20. Qf1 Nb8 21. b4 Nac6
22. Nxc4 dxc4 23. Qxc4 Bg5 24. a5 bxa5 25. b5 Ne7 26. Qxc7 Rxc7 27. Rxa5 Rxc3
28. Rba1 a6 29. bxa6 Rgc8 30. h4 Bxf4 31. Nxf4 Rc1+ 32. Kh2 Rxa1 33. Rxa1 Rd8
34. Ne2 Nf5 35. g3 Nxd4 36. Nc3 Ka7 0-1